LEADER 04086nam 2200613 450 001 9910789145403321 005 20230803034318.0 010 $a1-59558-948-1 035 $a(CKB)3710000000077632 035 $a(EBL)1340971 035 $a(OCoLC)859248553 035 $a(SSID)ssj0001062009 035 $a(PQKBManifestationID)12357530 035 $a(PQKBTitleCode)TC0001062009 035 $a(PQKBWorkID)11131089 035 $a(PQKB)10841415 035 $a(MiAaPQ)EBC1340971 035 $a(EXLCZ)993710000000077632 100 $a20130910h20132013 uy| 0 101 0 $aeng 135 $aur|n|---||||| 181 $ctxt 182 $cc 183 $acr 200 10$aBlue future $eprotecting water for people and the planet forever /$fMaude Barlow 210 1$aNew York :$cNew Press, The,$d[2013] 210 4$dİ2013 215 $a1 online resource (337 p.) 300 $aDescription based upon print version of record. 311 $a1-59558-947-3 320 $aIncludes bibliographical references and index. 327 $aIntroduction; Principle One: Water Is a Human RIght; 1. The Case for the Right to Water; 2. The Fight for the Right to Water; 3. Implementing the Right to Water; 4. Paying for Water for All; PrInciple Two: Water Is a Common HerItage; 5. Water - Commons or Commodity?; 6. Targeting Public Water Services; 7. The Loss of the Water Commons Devastates Communities; 8. Reclaiming the Water Commons; PrInciple Three: Water Has Rights Too; 9. The Trouble with "Modern Water"; 10. Corporate Control of Farming Is Extinguishing Water; 11. Energy Demands Place an Unsustainable Burden on Water 327 $a12. Putting Water at the Centre of Our LivesPrInciple Four: Water Can Teach Us How to LIve Together; 13. Confronting the Tyranny of the One Percent; 14. Creating a Just Economy; 15. Protecting Land, Protecting Water; 16. A Road Map to Conflict or to Peace?; Notes; Further ReadIng; Acknowledgements; Index 330 $a"In her bestselling books Blue Gold and Blue Covenant, world-renowned water activist Maude Barlow exposed the battle for ownership of our dwindling water supply and the emergence of an international, grassroots-led movement to reclaim water as a public good. Since then, the United Nations has recognized access to water as a basic human right-but there is still much work to be done to stem this growing crisis. In this major new book, Barlow draws on her extensive experience and insight to lay out a set of key principles that show the way forward to what she calls a "water-secure and water-just world." Not only does she reveal the powerful players even now impeding the recognition of the human right to water, she argues that water must not become a commodity to be bought and sold on the open market. Focusing on solutions, she includes stories of struggle and resistance from marginalized communities, as well as government policies that work for both people and the planet. At a time when climate change has moved to the top of the national agenda and when the stage is being set for unprecedented drought, mass starvation, and the migration of millions of refugees in search of water, Blue Future is an urgent call to preserve our most valuable resource for generations to come. "--$cProvided by publisher. 606 $aWater resources development$xEconomic aspects 606 $aWater resources development$xGovernment policy 606 $aWater rights$xGovernment policy 606 $aWater-supply$xPolitical aspects 606 $aWater-supply$xEconomic aspects 615 0$aWater resources development$xEconomic aspects. 615 0$aWater resources development$xGovernment policy. 615 0$aWater rights$xGovernment policy. 615 0$aWater-supply$xPolitical aspects. 615 0$aWater-supply$xEconomic aspects. 676 $a333.91 676 $a333.91/116 700 $aBarlow$b Maude$01573193 801 0$bMiAaPQ 801 1$bMiAaPQ 801 2$bMiAaPQ 906 $aBOOK 912 $a9910789145403321 996 $aBlue future$93848816 997 $aUNINA LEADER 05392nam 2200745Ia 450 001 9910959075303321 005 20200520144314.0 010 $a9786611284510 010 $a9781281284518 010 $a1281284513 010 $a9780470223710 010 $a0470223715 035 $a(CKB)1000000000413678 035 $a(EBL)335716 035 $a(OCoLC)476150280 035 $a(SSID)ssj0000131178 035 $a(PQKBManifestationID)11132580 035 $a(PQKBTitleCode)TC0000131178 035 $a(PQKBWorkID)10018311 035 $a(PQKB)10372205 035 $a(MiAaPQ)EBC335716 035 $a(Au-PeEL)EBL335716 035 $a(CaPaEBR)ebr10295880 035 $a(CaONFJC)MIL128451 035 $a(Perlego)2755722 035 $a(EXLCZ)991000000000413678 100 $a20070517d2008 uy 0 101 0 $aeng 135 $aurcn||||||||| 181 $ctxt 182 $cc 183 $acr 200 10$aCost of capital $eapplications and examples /$fShannon P. Pratt, Roger J. Grabowski 205 $a3rd ed. 210 $aHoboken, N.J. $cJohn Wiley & Sons$dc2008 215 $a1 online resource (818 p.) 300 $aPrevious editions had subtitle: Estimation and applications. 311 08$a9780470171158 311 08$a0470171154 320 $aIncludes bibliographical references (p. 655-681) and index. 327 $aCOST OF CAPITAL: Applications and Examples, Third Edition; Contents; About the Authors; Foreword; Preface; WHAT'S NEW IN THIS EDITION; AUDIENCES FOR THE BOOK; PRACTICAL APPLICATIONS; Acknowledgments; Introduction; PURPOSE AND OBJECTIVE OF THIS BOOK; OVERVIEW; IMPORTANCE OF THE COST OF CAPITAL; COST OF CAPITAL ESSENTIAL IN THE MARKETPLACE; SOUND SUPPORT ESSENTIAL IN THE COURTROOM; ORGANIZATION OF THIS BOOK; SUMMARY; Notation System and Abbreviations Used in This Book; VALUE AT A POINT IN TIME; COST OF CAPITAL AND RATE OF RETURN VARIABLES; INCOME VARIABLES; PERIODS OR VARIABLES IN A SERIES 327 $aWEIGHTINGS GROWTH; MATHEMATICAL FUNCTIONS; NOTATION FOR REAL PROPERTY VALUATION (CHAPTER 36); ABBREVIATIONS; Part 1: Cost of Capital Basics; Chapter 1: Defining Cost of Capital; INTRODUCTION; COMPONENTS OF A COMPANY'S CAPITAL STRUCTURE; COST OF CAPITAL IS A FUNCTION OF THE INVESTMENT; COST OF CAPITAL IS FORWARD LOOKING; COST OF CAPITAL IS BASED ON MARKET VALUE, NOT BOOK VALUE; COST OF CAPITAL IS USUALLY STATED IN NOMINAL TERMS; COST OF CAPITAL EQUALS THE DISCOUNT RATE; DISCOUNT RATE IS NOT THE SAME AS CAPITALIZATION RATE; SUMMARY 327 $aChapter 2: Introduction to Cost of Capital Applications: Valuation and Project Selection INTRODUCTION; NET CASH FLOW IS THE PREFERRED ECONOMIC INCOME MEASURE; COST OF CAPITAL IS THE PROPER DISCOUNT RATE; PRESENT VALUE FORMULA; EXAMPLE: VALUING A BOND; APPLICATIONS TO BUSINESSES, BUSINESS INTERESTS, PROJECTS, AND DIVISIONS; SUMMARY; Chapter 3: Net Cash Flow: Preferred Measure of Economic Income; INTRODUCTION; DEFINING NET CASH FLOW; NET CASH FLOWS SHOULD BE PROBABILITY-WEIGHTED EXPECTED VALUES; WHY NET CASH FLOW IS THE PREFERRED MEASURE OF ECONOMIC INCOME; RESIDUAL EARNINGS; SUMMARY 327 $aADDITIONAL READING Chapter 4: Discounting versus Capitalizing; INTRODUCTION; CAPITALIZATION FORMULA; EXAMPLE: VALUING A PREFERRED STOCK; FUNCTIONAL RELATIONSHIP BETWEEN DISCOUNT RATE AND CAPITALIZATION RATE; MAJOR DIFFERENCE BETWEEN DISCOUNTING AND CAPITALIZING; CONSTANT GROWTH OR GORDON GROWTH MODEL; COMBINING DISCOUNTING AND CAPITALIZING (TWO-STAGE MODEL); EQUIVALENCY OF DISCOUNTING AND CAPITALIZING MODELS; MIDYEAR CONVENTION; MATCHING PROJECTION PERIODS TO FINANCIAL STATEMENTS: PARTIAL FIRST YEAR; CAPITALIZING RESIDUAL EARNINGS; SUMMARY 327 $aChapter 5: Relationship between Risk and the Cost of Capital INTRODUCTION; DEFINING RISK; HOW RISK IMPACTS THE COST OF CAPITAL; TYPES OF RISK; COST OF EQUITY CAPITAL; COST OF INVESTED CAPITAL OR OVERALL COST OF CAPITAL; SUMMARY; Chapter 5A: FASB's Concepts Statement No. 7: Cash Flows and Present Value Discount Rates; Chapter 6: Cost Components of a Company's Capital Structure; INTRODUCTION; DEBT CAPITAL; PREFERRED EQUITY; CONVERTIBLE DEBT AND PREFERRED EQUITY; EMPLOYEE STOCK OPTIONS; COMMON EQUITY; SUMMARY; Part 2: Estimating the Cost of Equity Capital and the Overall Cost of Capital 327 $aChapter 7: Build-up Method 330 $aIn this long-awaited Third Edition of Cost of Capital: Applications and Examples, renowned valuation experts and authors Shannon Pratt and Roger Grabowski address the most controversial issues and problems in estimating the cost of capital. This authoritative book makes a timely and significant contribution to the business valuation body of knowledge and is an essential part of the expert's library. 606 $aCapital investments 606 $aBusiness enterprises$xValuation 606 $aCapital investments$zUnited States 606 $aBusiness enterprises$xValuation$zUnited States 615 0$aCapital investments. 615 0$aBusiness enterprises$xValuation. 615 0$aCapital investments 615 0$aBusiness enterprises$xValuation 676 $a658.15/2 700 $aPratt$b Shannon P$0116635 701 $aGrabowski$b Roger J$0925460 801 0$bMiAaPQ 801 1$bMiAaPQ 801 2$bMiAaPQ 906 $aBOOK 912 $a9910959075303321 996 $aCost of capital$92078064 997 $aUNINA LEADER 03370nam 22005895 450 001 9911021145403321 005 20250817130207.0 010 $a3-031-90371-4 024 7 $a10.1007/978-3-031-90371-7 035 $a(MiAaPQ)EBC32263915 035 $a(Au-PeEL)EBL32263915 035 $a(CKB)40376453300041 035 $a(DE-He213)978-3-031-90371-7 035 $a(EXLCZ)9940376453300041 100 $a20250817d2025 u| 0 101 0 $aeng 135 $aurcnu|||||||| 181 $ctxt$2rdacontent 182 $cc$2rdamedia 183 $acr$2rdacarrier 200 14$aThe Cornish Language in the Nineteenth Century /$fby Kensa Broadhurst 205 $a1st ed. 2025. 210 1$aCham :$cSpringer Nature Switzerland :$cImprint: Palgrave Macmillan,$d2025. 215 $a1 online resource (294 pages) 311 08$a3-031-90370-6 327 $aChapter 1: Introduction -- Chapter 2: The use and decline of Cornish before 1777 -- Chapter 3: Dolly Pentreath, ?a singular female? -- Chapter 4: Dr Jago?s English-Cornish Dictionary -- Chapter 5: The growing influence of Jenner and Lach-Szyrma -- Chapter 6: Henry Jenner and his Handbook -- Chapter 7: Further Writings about Cornish -- Chapter 8: Survival or Revival? -- Chapter 9: Conclusion. 330 $aThis book offers a radical re-examination of the history of the Cornish language, challenging the long-held belief that it became extinct with the death of Dolly Pentreath in 1777. Instead, it reveals compelling evidence that Cornish continued to be used throughout the 19th century, by the working class, by academics, and by those seeking to preserve the language. Exploring the research of antiquarians such as Dr. Fred W.P. Jago, Reverend Lach-Szyrma, and Henry Jenner, this book uncovers overlooked accounts of Cornish speakers and reassesses their linguistic knowledge. By tracing the language?s survival beyond its supposed extinction, the author argues that during the nineteenth century Cornish should be classified as critically endangered rather than extinct. Essential for scholars of minority languages, heritage researchers, and the Cornish language community, this book reshapes our understanding of Cornish history?proving that its story is one of resilience, not disappearance. Kensa Broadhurst is Cornish Language Lead at the University of Exeter, UK where she obtained her PhD, funded by the Cornwall Heritage Trust. Kensa is a Bard of the Cornish Gorsedh and teaches and examines Cornish for the University of Exeter and more widely within the language community. 606 $aPhilology 606 $aLinguistic change 606 $aCollective memory 606 $aGreat Britain$xHistory 606 $aLanguages 606 $aLanguage Change 606 $aMemory Studies 606 $aHistory of Britain and Ireland 615 0$aPhilology. 615 0$aLinguistic change. 615 0$aCollective memory. 615 0$aGreat Britain$xHistory. 615 14$aLanguages. 615 24$aLanguage Change. 615 24$aMemory Studies. 615 24$aHistory of Britain and Ireland. 676 $a400 700 $aBroadhurst$b Kensa$01844485 801 0$bMiAaPQ 801 1$bMiAaPQ 801 2$bMiAaPQ 906 $aBOOK 912 $a9911021145403321 996 $aThe Cornish Language in the Nineteenth Century$94427135 997 $aUNINA